| 000 | 00599nam a2200217 i 4500 | ||
|---|---|---|---|
| 001 | bg | ||
| 100 | 1 | _aPERSIDSKY, Andre | |
| 245 | 1 | 0 |
_aPo prostu Director 6 : _bmacromedia / _cAndre Persidsky ; [tł. z ang. Andrzej Kowalczyk]. |
| 260 |
_aGliwice : _b"Helion", _ccop. 1999. |
||
| 300 |
_a298 s. : _brys. ; _c24 cm. |
||
| 630 | 0 | 9 | _aDirector 6 |
| 650 | 9 | _aMultimedia | |
| 655 | _aPodręczniki | ||
| 020 | _a8371971060 | ||
| 040 | _cBPK | ||
| 041 | 1 |
_apl _hen |
|
| 080 | _a004.032.6:004.42Director](07) | ||
| 920 | _a83-7197-106-0 | ||
| 942 | _cKS | ||
| 008 | s pl f |000 0 pol | ||
| 999 |
_c36240 _d36240 |
||
| 856 |
_uhttp://koha.tu.koszalin.pl/cgi-bin/koha/opac-detail.pl?biblionumber=36240 _yKatalog online BPK |
||